| 000 | 00412nam a2200169Ia 4500 | ||
|---|---|---|---|
| 005 | 20250423100025.0 | ||
| 008 | 250422s9999 xx 000 0 und d | ||
| 020 | _a978-978-029-885-2 | ||
| 100 | _aOgunniyi, Dayo | ||
| 245 | 0 | _aLiterature for junior secondary schools | |
| 260 | _aIbadan | ||
| 260 | _bSpectrum Books Ltd | ||
| 260 | _c2008 | ||
| 300 | _a65 p | ||
| 650 | _a(Poetry: book one) | ||
| 942 | _cBK | ||
| 999 |
_c32055 _d32055 |
||